| 000 | 00836nam a2200229 a 4500 | ||
|---|---|---|---|
| 999 |
_c10735 _d10735 |
||
| 001 | 10735 | ||
| 003 | BD-JhCC | ||
| 005 | 20180816125750.0 | ||
| 008 | 180816s20112001bg |||| |||| 000 0 mul d | ||
| 035 | _a(BD-JhCC)10735 | ||
| 040 |
_aBD-JhCC _dBD-JhCC |
||
| 041 | _aArabic and Bangali | ||
| 082 |
_a297.122531 _bQUR 2011 |
||
| 245 |
_aকুরআনুল কারীম : _bবাংলা তাফসীর / _cঅনুবাদক ড: মুহাম্মদ মজীবুর রহমান |
||
| 250 | _a3rd ed. | ||
| 260 |
_aরিয়াদ : _bদারুস সালাম, _c২০১১ |
||
| 300 |
_a১১১৫ পৃ. : _c২২ সেমি. |
||
| 650 | _aআল কুরআন | ||
| 650 | _aAl Quran | ||
| 700 | _aরহমান, ড: মুহাম্মদ মজীবুর | ||
| 942 |
_2ddc _cREF |
||